| 000 | 00658nam a22002177a 4500 | ||
|---|---|---|---|
| 003 | OSt | ||
| 005 | 20260330065256.0 | ||
| 008 | 260330b |||||||| |||| 00| 0 eng d | ||
| 020 | _a0944203043 | ||
| 040 |
_aDWCL GS lib _cOC |
||
| 082 | _aRes. 809 R713d 1987 | ||
| 100 | _aKowalska Faustina, M. Sister | ||
| 245 |
_aDivine Mercy In My Soul _cSister M. Faustina Kowalska |
||
| 260 |
_aRome _bMarian Press (Marian Fathers of the Immaculate Conception) _cc1987. |
||
| 300 |
_axliv, 697 pages: _billustrations _c14cm. |
||
| 546 | _aEnglish | ||
| 650 | _areligious diary | ||
| 650 | _aautobiography | ||
| 650 | _amemoir | ||
| 942 |
_2ddc _cBK-0 CIRC _hRes. _n0 |
||
| 999 |
_c9304 _d9304 |
||